illustrated classics collection: (Record no. 9866)
[ view plain ]
| 000 -LEADER | |
|---|---|
| fixed length control field | 00939nam a22001697a 4500 |
| 003 - CONTROL NUMBER IDENTIFIER | |
| control field | OSt |
| 005 - DATE AND TIME OF LATEST TRANSACTION | |
| control field | 20260424094906.0 |
| 008 - FIXED-LENGTH DATA ELEMENTS--GENERAL INFORMATION | |
| fixed length control field | 260424b |||||||| |||| 00| 0 eng d |
| 040 ## - CATALOGING SOURCE | |
| Original cataloging agency | DWCL GS lib |
| Transcribing agency | OC |
| 082 ## - DEWEY DECIMAL CLASSIFICATION NUMBER | |
| Classification number | Fic. D886t 2010 |
| 100 ## - MAIN ENTRY--PERSONAL NAME | |
| Personal name | Dumas, Alexandre |
| 245 ## - TITLE STATEMENT | |
| Title | illustrated classics collection: |
| Remainder of title | the three musketeers |
| Statement of responsibility, etc. | Alexandre Dumas |
| 260 ## - PUBLICATION, DISTRIBUTION, ETC. | |
| Place of publication, distribution, etc. | Manila, Philippines |
| Name of publisher, distributor, etc. | Lampara Publishing House |
| Date of publication, distribution, etc. | c2010 |
| 520 ## - SUMMARY, ETC. | |
| Summary, etc. | The Three Musketeers (1844) by Alexandre Dumas is a classic historical adventure novel following D'Artagnan, a young man who travels to Paris to join the elite Musketeers of the Guard. He befriends three formidable musketeers—Athos, Porthos, and Aramis—engaging in court intrigue, romance, and battles against Cardinal Richelieu's agents under the motto "All for one and one for all". <br/> |
| 700 ## - ADDED ENTRY--PERSONAL NAME | |
| Personal name | Alexandre Dumas |
| 942 ## - ADDED ENTRY ELEMENTS (KOHA) | |
| Source of classification or shelving scheme | Dewey Decimal Classification |
| Koha item type | Fiction |
| Classification part | Fic. D886t 2010 |
| Suppress in OPAC | No |
| 952 ## - LOCATION AND ITEM INFORMATION (KOHA) | |
| -- | |
| Withdrawn status | Lost status | Source of classification or shelving scheme | Damaged status | Not for loan | Home library | Current library | Shelving location | Date acquired | Source of acquisition | Total Checkouts | Full call number | Barcode | Date last seen | Price effective from | Koha item type | Uniform Resource Identifier |
|---|---|---|---|---|---|---|---|---|---|---|---|---|---|---|---|---|
| Dewey Decimal Classification | Grade School Library | Grade School Library | Fiction | 04/24/2026 | School Fund, Donation | Fic. D886t 2010 | 22849 | 04/24/2026 | 04/24/2026 | FIC. |